The Rothschilds : A family of fortune

Uloženo v:
Podrobná bibliografie
Hlavní autor: Cowles, Virginia
Médium: Kniha
Jazyk:Undetermined
Vydáno: London Futura Publications Limited 1975
Témata:
Tagy: Přidat tag
Žádné tagy, Buďte první, kdo otaguje tento záznam!
Thư viện lưu trữ: Trung tâm Học liệu Trường Đại học Cần Thơ
LEADER 00483nam a2200181Ia 4500
001 CTU_78141
008 210402s9999 xx 000 0 und d
082 |a 332 
082 |b C874 
100 |a Cowles, Virginia 
245 4 |a The Rothschilds : 
245 2 |b A family of fortune 
245 0 |c Virginia Cowles 
260 |a London 
260 |b Futura Publications Limited 
260 |c 1975 
650 |a Rothschilds family 
980 |a Trung tâm Học liệu Trường Đại học Cần Thơ